Geography Quiz

Random Geography or City Quiz

U. S. Cities with Light Rail Rapid Systems Quiz Stats

 Plays Quiz not verified by Sporcle

Challenge
Share
Tweet
Embed
Score 0/33 Timer 15:00
0 Plays Today
Metro Transit Abbreviation City % Correct
LACMRLos Angeles
96.5%
MUNISan Francisco
95.3%
MBTABoston
94.7%
DARTDallas
93%
SEPTAPhiladelphia
91.2%
SDTSan Diego
91.2%
METRORailHouston
90.6%
Central LinkSeattle
89.5%
SLUSSeattle
88.9%
MAXPortland
87.7%
StreetcarsPortland
87.7%
SLMLSt. Louis
87.1%
GCRTACleveland
84.2%
UTA TRAXSalt Lake City
83.6%
Hiawatha LineMinneapolis
82.5%
NJTNewark
82.5%
RTDDenver
80.7%
Metro Transit Abbreviation City % Correct
METROPhoenix
80.1%
CATSCharlotte
78.9%
PAACPittsburgh
78.4%
NORTANew Orleans
78.4%
BLRBaltimore
77.8%
SRTDSacramento
71.3%
TECOTampa
70.2%
NFTABuffalo
66.7%
VTASan Jose
65.5%
MRTAMemphis
64.9%
HBLRJersey City
62.6%
NJTTrenton
51.5%
STTacoma
32.7%
CATALittle Rock
29.2%
KTKenosha
22.2%
NCTDOceanside
14.6%

You're not logged in!

Compare scores with friends on all Sporcle quizzes.
OR
Log In

You Might Also Like...

Show Comments

Extras

Top Quizzes Today


Score Distribution

Your Account Isn't Verified!

In order to create a playlist on Sporcle, you need to verify the email address you used during registration. Go to your Sporcle Settings to finish the process.

Report this User

Report this user for behavior that violates our Community Guidelines.

Details: